Colima de la Nueva España en el siglo XVI /

Furkejuvvon:
Bibliográfalaš dieđut
Váldodahkki: Sauer, Carl (autor)
Materiálatiipa: Girji
Giella:espánnjágiella
Almmustuhtton: México : Jus, 1976, c1976
Ráidu:(Peña Colorada)
Fáttát:
Fáddágilkorat: Lasit fáddágilkoriid
Eai fáddágilkorat, Lasit vuosttaš fáddágilkora!

MARC

LEADER 00000nam^a2200000^a^4500
001 000129777
005 20250521000000.0
009 20260310094924.008
037 |a Acervo ITESO - Biblioteca 
041 |a ESP 
082 |a 972. 3603  |b SAU 
100 |a Sauer, Carl  |e (autor) 
245 1 0 |a Colima de la Nueva España en el siglo XVI /  |c C. Sauer. 
264 4 |a México :  |b Jus,  |c 1976, c1976 
300 |a 124 p. 
336 |a texto  |b txt  |2 rdacontenido 
337 |a sin mediación  |b n  |2 rdamedio 
338 |a volumen  |b nc  |2 rdasoporte 
440 1 |a (Peña Colorada) 
649 |a XX 
650 |a Colima -  |x Historia -  |y Descubrimiento y Conquista, 1517-1521 
650 |a Colima -  |x Historia -  |y Gobernadores y Audiencia, 1521-1535 
650 |a Colima -  |x Historia -  |y Virreinato, 1535-1821 
650 |a Colima -  |x Historia -  |y Epoca Colonial, 1517-1821 
650 |a Indígenas de México -  |x Historia -  |y Epoca Colonial, 1517-1821 
910 |a Fondo Salvador Reynoso Reynoso 
920 |a Impresos - Libros 
930 |a Fondos Especiales 
905 |a 112 
901 |a 0800011358  |b IT2  |c ESP  |u 20250521 
902 |a https://opac.biblio.iteso.mx/vufind/Record/000129777